[Event "1. OEsterreichische Internet Schach Meisterschaft - Vorrunde 2"]
[Site "Online - Playchess.com"]
[Date ""]
[Round "5"]
[Board "69"]
[White "Griessnig, Thomas"]
[Black "Schroettner, Martin"]
[Result "1-0"]
[WhiteElo "1895"]
[BlackElo "1934"]
[PlyCount "157"]
[EventDate "2020.04.13"]
[EventRounds "9"]
[EventCountry "AUT"]

1. d4 c6 2. Nf3 d5 3. e3 Nf6 4. Bd3 Bg4 5. O-O e6 6. b3 Be7 7. Bb2 O-O 8. Nbd2 Nbd7
9. c4 Bd6 10. Qc2 Re8 11. Ne5 Bh5 12. f4 Bg6 13. Nxg6 hxg6 14. Nf3 Rc8 15. Ne5 a6
16. c5 Bc7 17. a4 Nf8 18. b4 Nh5 19. b5 axb5 20. axb5 Bb8 21. Bc3 Re7 22. Ba5 Bc7
23. bxc6 Bxa5 24. cxb7 Rxb7 25. Ba6 Rbb8 26. Bxc8 Rxc8 27. Rfb1 f6 28. Nxg6 Nd7 29.
Rb7 f5 30. Rxd7 Qxd7 31. Rxa5 Nf6 32. Ne5 Qb7 33. h3 Ne4 34. c6 Qb4 35. Ra1 Kh7 36.
Qb1 Qd2 37. Qe1 Qb2 38. Rb1 Qc2 39. Rb7 Qc3 40. Qxc3 Nxc3 41. Kf2 Nd1+ 42. Ke2 Nc3+
43. Kd3 Ne4 44. Re7 Nf2+ 45. Ke2 Ne4 46. Rxe6 Nc3+ 47. Kf3 Nb5 48. Re7 Kg8 49. Rf7
Nd6 50. Rd7 Nb5 51. Rxd5 Nc3 52. Rc5 Nd1 53. c7 Nb2 54. d5 Na4 55. Rc4 Nb6 56. Rc6
Nxd5 57. Nd7 Rxc7 58. Rxc7 Nxc7 59. Ne5 Kh7 60. g4 g6 61. g5 Kg7 62. e4 fxe4+ 63.
Kxe4 Ne6 64. h4 Nc5+ 65. Kd5 Nd3 66. Ke4 Nc5+ 67. Kf3 Nd3 68. Kg3 Nc5 69. Kg4 Ne6
70. f5 gxf5+ 71. Kxf5 Nd4+ 72. Kg4 Ne6 73. h5 Nf8 74. h6+ Kh7 75. Kh5 Ne6 76. g6+
Kh8 77. Nf7+ Kg8 78. h7+ Kg7 79. h8=Q#  1-0

[Event "1. OEsterreichische Internet Schach Meisterschaft - Vorrunde 2"]
[Site "Online - Playchess.com"]
[Date ""]
[Round "5"]
[Board "70"]
[White "Kessler, Manuel"]
[Black "Kwech, Andreas"]
[Result "1/2-1/2"]
[WhiteElo "1731"]
[BlackElo "1901"]
[PlyCount "149"]
[EventDate "2020.04.13"]
[EventRounds "9"]
[EventCountry "AUT"]

1. d4 Nf6 2. c4 e5 3. dxe5 Ne4 4. Nc3 Nxc3 5. bxc3 d6 6. exd6 Bxd6 7. Nf3 Qe7 8.
Bg5 f6 9. Bh4 O-O 10. e3 Be6 11. Bg3 Bxg3 12. hxg3 Rd8 13. Qc2 g6 14. Nd4 Bf7 15.
Bd3 c5 16. Nf3 Nc6 17. O-O Rd7 18. Be4 Ne5 19. Rfd1 Rad8 20. Nxe5 Qxe5 21. Bf3 Bxc4
22. Rxd7 Rxd7 23. Qa4 b5 24. Qa6 Qd6 25. Qc8+ Rd8 26. Qg4 Kg7 27. a4 Be6 28. Qe4
b4 29. cxb4 cxb4 30. Rd1 Qxd1+ 31. Bxd1 Rxd1+ 32. Kh2 Kf7 33. Qxb4 Rd7 34. Qh4 Kg7
35. Qb4 Kf7 36. a5 h5 37. a6 Kg7 38. Qb7 Kf7 39. Qc6 Ke7 40. f3 Kf7 41. e4 Ke7 42.
f4 Kf7 43. Kg1 Ke7 44. Kf2 Kf7 45. Kf3 Bg4+ 46. Ke3 Be6 47. Qc5 Kg7 48. e5 Kf7 49.
exf6 Kxf6 50. Qg5+ Kf7 51. Ke4 Bf5+ 52. Ke5 Re7+ 53. Kd6 Re6+ 54. Kd7 Rxa6+ 55. Kc7
Re6 56. Qh6 Re7+ 57. Kd6 Re6+ 58. Kc7 Re7+ 59. Kc6 Re6+ 60. Kb5 Re7 61. Qh7+ Ke8
62. Qg8+ Kd7 63. Qd5+ Ke8 64. Qa8+ Kf7 65. Qd5+ Ke8 66. Qa8+ Kf7 67. Qh8 Ke6 68.
Kc6 Be4+ 69. Kc5 Bf5 70. Kc6 Be4+ 71. Kc5 Bf5 72. Qg8+ Kd7 73. Qd5+ Ke8 74. Qa8+
Kf7 75. Qd5+  1/2-1/2

[Event "1. OEsterreichische Internet Schach Meisterschaft - Vorrunde 2"]
[Site "Online - Playchess.com"]
[Date ""]
[Round "5"]
[Board "71"]
[White "Redhammer, Markus"]
[Black "Simon, Christopher"]
[Result "0-1"]
[WhiteElo "1899"]
[BlackElo "1824"]
[PlyCount "88"]
[EventDate "2020.04.13"]
[EventRounds "9"]
[EventCountry "AUT"]

1. e4 g6 2. d4 Bg7 3. c3 d6 4. Bd3 Nf6 5. Qc2 O-O 6. Nf3 Nc6 7. O-O Nd7 8. Bg5 Qe8
9. Nbd2 e5 10. d5 Ne7 11. Nb3 a6 12. h3 h6 13. Be3 g5 14. Nh2 Nf6 15. Be2 Nh7 16.
Bh5 Qd8 17. Nc1 f5 18. f3 Nf6 19. g4 Nxh5 20. gxh5 Qe8 21. Qg2 Qxh5 22. Ne2 Qf7 23.
Kh1 Ng6 24. Rg1 Nh4 25. Qf2 fxe4 26. Raf1 Bxh3 27. Re1 Nxf3 28. Nxf3 Qxf3+ 29. Qxf3
exf3 30. Ng3 Rae8 31. Kh2 Bg2 32. Bf2 Rf7 33. Ne4 Bf6 34. Re3 Kh8 35. Ree1 h5 36.
Re3 g4 37. Nxf6 Rxf6 38. Re4 Rf4 39. Ree1 Rg8 40. Bg3 Rf7 41. Bf2 Rfg7 42. Bg3 h4
43. Bxh4 g3+ 44. Bxg3 Rxg3  0-1

[Event "1. OEsterreichische Internet Schach Meisterschaft - Vorrunde 2"]
[Site "Online - Playchess.com"]
[Date ""]
[Round "5"]
[Board "72"]
[White "Neubauer, Anton"]
[Black "Haemmerle, Dietmar"]
[Result "1-0"]
[WhiteElo "1879"]
[BlackElo "1762"]
[PlyCount "55"]
[EventDate "2020.04.13"]
[EventRounds "9"]
[EventCountry "AUT"]

1. Nf3 e6 2. e4 d5 3. exd5 exd5 4. d4 Nf6 5. Bd3 Be7 6. O-O c6 7. Re1 Be6 8. Ng5
h6 9. Nxe6 fxe6 10. Rxe6 Qc7 11. Qe2 Na6 12. Bg6+ Kf8 13. c3 c5 14. Be3 c4 15. Qf3
Rd8 16. Nd2 Qd7 17. Bf5 Qe8 18. Bf4 Qh5 19. Rxf6+ Bxf6 20. Qxh5 Re8 21. Nf3 Re2 22.
Ne5 Bxe5 23. Bxe5 Rg8 24. Qxe2 g6 25. Be6 Rg7 26. Qf3+ Ke7 27. Bxg7 Kxe6 28. Re1+
 1-0

[Event "1. OEsterreichische Internet Schach Meisterschaft - Vorrunde 2"]
[Site "Online - Playchess.com"]
[Date ""]
[Round "5"]
[Board "73"]
[White "Steininger, Barbara"]
[Black "Rotter, Harald"]
[Result "0-1"]
[WhiteElo "1622"]
[BlackElo "1854"]
[PlyCount "52"]
[EventDate "2020.04.13"]
[EventRounds "9"]
[EventCountry "AUT"]

1. Nf3 e6 2. d4 b6 3. c4 Bb7 4. Nc3 d6 5. Bg5 Ne7 6. e3 h6 7. Bh4 g5 8. Bg3 Bg7 9.
Be2 Nd7 10. O-O f5 11. Rc1 a6 12. Qc2 Ng6 13. h3 h5 14. Rfd1 g4 15. hxg4 hxg4 16.
Nd2 Qg5 17. f3 gxf3 18. Bxf3 Bxf3 19. Nxf3 Qxg3 20. d5 e5 21. Ne2 Qg4 22. Rf1 Bh6
23. Qd2 Qe4 24. Rc3 f4 25. exf4 Nxf4 26. Ng3 Nh3+  0-1

[Event "1. OEsterreichische Internet Schach Meisterschaft - Vorrunde 2"]
[Site "Online - Playchess.com"]
[Date ""]
[Round "5"]
[Board "74"]
[White "Hoelzl, Bernhard"]
[Black "Erlacher, Herbert"]
[Result "1/2-1/2"]
[WhiteElo "1392"]
[BlackElo "1842"]
[PlyCount "72"]
[EventDate "2020.04.13"]
[EventRounds "9"]
[EventCountry "AUT"]

1. d4 f5 2. Nf3 Nf6 3. Bf4 e6 4. e3 Be7 5. Bd3 O-O 6. c3 d5 7. Nbd2 c6 8. O-O Ne4
9. h3 Nd7 10. Ne5 Nxe5 11. Bxe5 Bf6 12. Nf3 Bxe5 13. Nxe5 Bd7 14. Qc2 Be8 15. Rae1
Bh5 16. Bxe4 fxe4 17. b4 Qg5 18. Kh2 Rf6 19. a4 a6 20. Qb2 Raf8 21. Nd7 Bf3 22. Nxf6+
Rxf6 23. gxf3 Rxf3 24. Rg1 Qf5 25. Rg2 Rxh3+ 26. Kg1 Qh5 27. f4 exf3 28. Rh2 Qg4+
29. Kh1 Rg3 30. Qf2 h6 31. Rg1 Rxg1+ 32. Qxg1 Qe4 33. Qf2 Qb1+ 34. Qg1 Qe4 35. Qf2
Qb1+ 36. Qg1 Qe4  1/2-1/2

[Event "1. OEsterreichische Internet Schach Meisterschaft - Vorrunde 2"]
[Site "Online - Playchess.com"]
[Date ""]
[Round "5"]
[Board "75"]
[White "Katter, Marlene"]
[Black "Soelkner, Julian"]
[Result "1-0"]
[WhiteElo "1609"]
[BlackElo "1484"]
[PlyCount "133"]
[EventDate "2020.04.13"]
[EventRounds "9"]
[EventCountry "AUT"]

1. d4 e6 2. Bf4 Nf6 3. e3 d5 4. Nf3 c5 5. c3 Nc6 6. Nbd2 Bd6 7. Bg3 O-O 8. Bd3 b6
9. O-O Bb7 10. Ne5 Re8 11. f4 cxd4 12. exd4 Rc8 13. Bf2 Ne7 14. Qf3 Nf5 15. g4 Ne7
16. g5 Nd7 17. h4 Nf5 18. h5 Nxe5 19. fxe5 Qxg5+ 20. Kh1 Bf8 21. Bxf5 exf5 22. Be3
Qh4+ 23. Kg1 Qg4+ 24. Qxg4 fxg4 25. Rf4 Rc6 26. Rxg4 Bc8 27. Rg3 f6 28. Bf4 Kf7 29.
Nf3 g6 30. hxg6+ hxg6 31. exf6 Rxf6 32. Be5 Rf5 33. Ng5+ Ke7 34. Re1 Bh6 35. Bg7+
Kd7 36. Rxe8 Kxe8 37. Bxh6 Ke7 38. Rf3 Kf6 39. Rxf5+ Bxf5 40. Nf3 Bb1 41. a3 Kf5
42. Kg2 Ke4 43. Ne1 a5 44. Bg7 b5 45. Kf2 a4 46. Ke2 Ba2 47. Ng2 Bc4+ 48. Kd2 Kf3
49. Nh4+ Ke4 50. Nxg6 Kf5 51. Ne7+ Ke6 52. Ng6 Kf7 53. Ne5+ Kxg7 54. Nxc4 bxc4 55.
Ke3 Kf6 56. Kf4 Ke6 57. Kg5 Ke7 58. Kf5 Kd6 59. Kf6 Kd7 60. Ke5 Kc6 61. Ke6 Kb6 62.
Kxd5 Kb5 63. Ke6 Ka5 64. d5 Kb5 65. d6 Kc6 66. d7 Kb7 67. Ke7  1-0

[Event "1. OEsterreichische Internet Schach Meisterschaft - Vorrunde 2"]
[Site "Online - Playchess.com"]
[Date ""]
[Round "5"]
[Board "76"]
[White "Huber, Guenther"]
[Black "Hadler, Johann"]
[Result "1-0"]
[WhiteElo "1979"]
[BlackElo "1996"]
[PlyCount "71"]
[EventDate "2020.04.13"]
[EventRounds "9"]
[EventCountry "AUT"]

1. c4 e5 2. g3 Nf6 3. Bg2 c6 4. Nc3 d6 5. d3 Be6 6. e4 Be7 7. Nge2 Nbd7 8. O-O O-O
9. h3 Qc7 10. Be3 Rfd8 11. Rc1 h6 12. Kh2 Nh7 13. f4 exf4 14. gxf4 f5 15. Ng3 fxe4
16. Ncxe4 Nhf6 17. f5 Bf7 18. Bf4 Ne5 19. b3 a5 20. d4 Ned7 21. c5 Nf8 22. cxd6 Bxd6
23. Nxf6+ gxf6 24. Qg4+ Kh7 25. Qh4 Bxf4 26. Qxf4 Qd7 27. Rcd1 Qe7 28. Rfe1 Qa3 29.
Ne4 Qxa2 30. Nxf6+ Kg7 31. Ng4 Bd5 32. Qxh6+ Kf7 33. Qf6+ Kg8 34. Nh6+ Kh7 35. Re7+
Bf7 36. Rxf7#  1-0

[Event "1. OEsterreichische Internet Schach Meisterschaft - Vorrunde 2"]
[Site "Online - Playchess.com"]
[Date ""]
[Round "5"]
[Board "77"]
[White "Dilly, Julian"]
[Black "Kranz, Armin"]
[Result "0-1"]
[WhiteElo "1502"]
[BlackElo "2119"]
[PlyCount "62"]
[EventDate "2020.04.13"]
[EventRounds "9"]
[EventCountry "AUT"]

1. Nf3 Nf6 2. g3 b6 3. Bg2 Bb7 4. O-O c5 5. c4 e6 6. Nc3 Be7 7. b3 d6 8. Bb2 O-O
9. d3 Nbd7 10. e4 a6 11. a4 Qc7 12. Qe2 Rfe8 13. Rfd1 Bf8 14. Qc2 Rac8 15. Rac1 Qb8
16. h3 Ne5 17. Nxe5 dxe5 18. Ne2 Red8 19. Qb1 Bd6 20. Qa1 Bc7 21. Rc2 Rd7 22. Rcd2
Rcd8 23. Bc3 Bc6 24. Bb2 Nxe4 25. Bxe4 Bxe4 26. dxe4 Rxd2 27. Rxd2 Rxd2 28. Nc3 Qd8
29. Kg2 Qd4 30. Nd1 Qxe4+ 31. Kg1 Qe1+  0-1

[Event "1. OEsterreichische Internet Schach Meisterschaft - Vorrunde 2"]
[Site "Online - Playchess.com"]
[Date ""]
[Round "5"]
[Board "78"]
[White "Balint, Peter"]
[Black "Stolzlechner, Andreas"]
[Result "1-0"]
[WhiteElo "2105"]
[BlackElo "1835"]
[PlyCount "49"]
[EventDate "2020.04.13"]
[EventRounds "9"]
[EventCountry "AUT"]

1. e4 e5 2. Nf3 Nc6 3. Nc3 Nf6 4. Bb5 d6 5. O-O Bg4 6. h3 Bh5 7. Bxc6+ bxc6 8. d3
Be7 9. Ne2 O-O 10. Ng3 Bg6 11. Nh4 Nd7 12. Nhf5 d5 13. f4 Bc5+ 14. Kh1 Rb8 15. b3
a5 16. fxe5 Nxe5 17. d4 Bd6 18. dxe5 Bxe5 19. Rb1 Bxg3 20. Nxg3 dxe4 21. Qg4 Qd4
22. Bb2 Qd2 23. Rbc1 e3 24. Nf5 Bxf5 25. Qxg7#  1-0

[Event "1. OEsterreichische Internet Schach Meisterschaft - Vorrunde 2"]
[Site "Online - Playchess.com"]
[Date ""]
[Round "5"]
[Board "79"]
[White "Kipman, Felix"]
[Black "Kainz, Josef"]
[Result "1-0"]
[WhiteElo "1576"]
[BlackElo "2005"]
[PlyCount "137"]
[EventDate "2020.04.13"]
[EventRounds "9"]
[EventCountry "AUT"]

1. e4 c5 2. Nc3 Nc6 3. f4 g6 4. Nf3 Bg7 5. Bb5 Nd4 6. d3 Nxb5 7. Nxb5 Qa5+ 8. Nc3
Bxc3+ 9. bxc3 Qxc3+ 10. Bd2 Qa3 11. Ng5 h6 12. Nf3 Nf6 13. O-O O-O 14. Nh4 d6 15.
e5 Bg4 16. Qe1 Nd7 17. h3 Be6 18. Qg3 Kh7 19. f5 Bxf5 20. Nxf5 gxf5 21. Qh4 Rh8 22.
Rf3 Nxe5 23. Qxh6+ Kg8 24. Rg3+ Ng6 25. Rxg6+ fxg6 26. Qxg6+ Kf8 27. Bh6+ Rxh6 28.
Qxh6+ Kf7 29. Qh7+ Ke6 30. Re1+ Kd5 31. Qxf5+ Kc6 32. Qe4+ d5 33. Qe6+ Kb5 34. Rb1+
Ka5 35. Qxd5 Rc8 36. Qc4 Qa4 37. Qc3+ Ka6 38. Qc4+ Ka5 39. Qc3+ Ka6 40. Rb3 b5 41.
Ra3 Qxa3 42. Qxa3+ Kb6 43. Qb3 Rc6 44. Qf7 e6 45. Qe7 a5 46. Kf2 a4 47. Ke3 b4 48.
Ke4 Kb5 49. g4 c4 50. dxc4+ Rxc4+ 51. Ke5 Rc6 52. g5 Rxc2 53. g6 Re2+ 54. Kd6 Rd2+
55. Kc7 b3 56. Qe8+ Kb4 57. axb3 axb3 58. g7 Rc2+ 59. Kd7 Rd2+ 60. Ke7 b2 61. Qb8+
Kc3 62. g8=Q b1=Q 63. Qxb1 Rd7+ 64. Kxd7 e5 65. Qgb3+ Kd4 66. Q1d3+ Kc5 67. Qbc4+
Kb6 68. Qdb3+ Ka5 69. Qca4#  1-0

[Event "1. OEsterreichische Internet Schach Meisterschaft - Vorrunde 2"]
[Site "Online - Playchess.com"]
[Date ""]
[Round "5"]
[Board "80"]
[White "Chen, Qingxia"]
[Black "Horvath, Maria"]
[Result "0-1"]
[WhiteElo "1776"]
[BlackElo "1995"]
[PlyCount "124"]
[EventDate "2020.04.13"]
[EventRounds "9"]
[EventCountry "AUT"]

1. e4 e6 2. Nf3 d5 3. exd5 exd5 4. d4 Bd6 5. Bd3 Nc6 6. O-O h6 7. Re1+ Nce7 8. c4
c6 9. c5 Bc7 10. h3 Nf6 11. Ne5 Be6 12. Nc3 Nd7 13. Qb3 Bxe5 14. dxe5 Nxc5 15. Qd1
Nxd3 16. Qxd3 O-O 17. Bd2 c5 18. Rad1 Qd7 19. Qg3 Nf5 20. Qf4 Rad8 21. Bc1 Qc6 22.
Ne2 d4 23. g4 Ne7 24. Ng3 Ng6 25. Qd2 Qf3 26. Qa5 Bd5 27. Kf1 Qg2+ 28. Ke2 d3+ 29.
Kd2 Qxf2+ 30. Kc3 Qxg3 31. Re3 Qf4 32. Rdxd3 Qc4+ 33. Kd2 Nf4 34. Rc3 Qd4+ 35. Kc2
Be4+ 36. Rxe4 Qxe4+ 37. Kb3 Qd5+ 38. Ka3 Ne2 39. Rxc5 Qd4 40. b3 Nxc1 41. Rxc1 Qd2
42. Qc3 Qxc3 43. Rxc3 Rfe8 44. Re3 Rd5 45. Kb4 Rdxe5 46. Rxe5 Rxe5 47. Kc4 Re2 48.
a4 Rh2 49. h4 Rxh4 50. Kd5 Rxg4 51. Kd6 Rb4 52. Kc7 Rxb3 53. Kb8 b6 54. Kxa7 Rb4
55. Ka6 h5 56. a5 bxa5 57. Kxa5 Rb1 58. Ka4 h4 59. Ka3 h3 60. Ka2 Rb8 61. Ka3 h2
62. Ka4 h1=Q  0-1

[Event "1. OEsterreichische Internet Schach Meisterschaft - Vorrunde 2"]
[Site "Online - Playchess.com"]
[Date ""]
[Round "5"]
[Board "81"]
[White "Buchner, Martin"]
[Black "Enne, Harald"]
[Result "0-1"]
[WhiteElo "1777"]
[BlackElo "1916"]
[PlyCount "58"]
[EventDate "2020.04.13"]
[EventRounds "9"]
[EventCountry "AUT"]

1. d4 d5 2. Nf3 e6 3. e3 Nf6 4. Bd3 Be7 5. O-O c5 6. c3 Nc6 7. Nbd2 h6 8. e4 dxe4
9. Nxe4 cxd4 10. cxd4 O-O 11. Bf4 Nd5 12. Bg3 a6 13. a3 b5 14. Rc1 Qb6 15. Bb1 Rd8
16. Qd3 f5 17. Nc5 Bf6 18. Be5 Nxe5 19. Nxe5 Bxe5 20. dxe5 Nf4 21. Qc2 Ra7 22. b4
Rc7 23. Qa2 Rd5 24. g3 Nh3+ 25. Kg2 Ng5 26. Rfd1 Rxe5 27. h3 Kh7 28. Re1 Rxe1 29.
Rxe1 Qc6+  0-1

[Event "1. OEsterreichische Internet Schach Meisterschaft - Vorrunde 2"]
[Site "Online - Playchess.com"]
[Date ""]
[Round "5"]
[Board "83"]
[White "Schwarz, Benedikt"]
[Black "Miazhynski, Michael"]
[Result "1-0"]
[WhiteElo "1815"]
[BlackElo "1827"]
[PlyCount "71"]
[EventDate "2020.04.13"]
[EventRounds "9"]
[EventCountry "AUT"]

1. d4 Nf6 2. Bf4 g6 3. Nc3 Bg7 4. e4 d6 5. Qd2 O-O 6. O-O-O a6 7. Nf3 b5 8. Bd3 Bb7
9. e5 dxe5 10. dxe5 Nh5 11. Bh6 Nc6 12. Bxg7 Nxg7 13. h4 h5 14. Qg5 Ne6 15. Qg3 b4
16. Ne4 Ncd4 17. Nxd4 Nxd4 18. Nc5 Bc6 19. e6 Qe8 20. exf7+ Qxf7 21. Bxg6 Qg7 22.
Bd3 Qxg3 23. fxg3 a5 24. Bc4+ Kh7 25. Rxd4 Rf2 26. Bd3+ Kh8 27. Rf1 Rxg2 28. Rf5
Rxg3 29. Rxh5+ Kg7 30. Ne6+ Kf6 31. Nf4 Rg1+ 32. Kd2 Bf3 33. Rf5+ Kg7 34. Ne6+ Kh8
35. Rxf3 Rf8 36. Rxf8+  1-0

[Event "1. OEsterreichische Internet Schach Meisterschaft - Vorrunde 2"]
[Site "Online - Playchess.com"]
[Date ""]
[Round "5"]
[Board "84"]
[White "Fugger, Christian"]
[Black "Andreatta, Ralph"]
[Result "1/2-1/2"]
[WhiteElo "1818"]
[BlackElo "1623"]
[PlyCount "55"]
[EventDate "2020.04.13"]
[EventRounds "9"]
[EventCountry "AUT"]

1. d4 d5 2. c4 e6 3. Nc3 Nf6 4. Bg5 Be7 5. e3 b6 6. Nf3 Bb7 7. cxd5 Nxd5 8. Bxe7
Qxe7 9. Rc1 Nd7 10. Bd3 c5 11. O-O O-O 12. Ne4 cxd4 13. Nxd4 N7f6 14. Nc6 Bxc6 15.
Rxc6 Nb4 16. Nxf6+ Qxf6 17. Rc4 Nxd3 18. Qxd3 Rfd8 19. Qc2 g6 20. b3 a6 21. Rd1 b5
22. Rcd4 Rxd4 23. Rxd4 Rd8 24. Rxd8+ Qxd8 25. h3 Qd6 26. Qc8+ Kg7 27. Qc3+ Kg8 28.
Qc8+  1/2-1/2

[Event "1. OEsterreichische Internet Schach Meisterschaft - Vorrunde 2"]
[Site "Online - Playchess.com"]
[Date ""]
[Round "5"]
[Board "87"]
[White "Gall, Bernhard"]
[Black "Schein, Alexander"]
[Result "0-1"]
[WhiteElo "1244"]
[BlackElo "1631"]
[PlyCount "60"]
[EventDate "2020.04.13"]
[EventRounds "9"]
[EventCountry "AUT"]

1. e4 d5 2. exd5 Nf6 3. d4 Nxd5 4. Nf3 Bg4 5. Nc3 Nc6 6. Bc4 e6 7. h3 Bxf3 8. Qxf3
Nxc3 9. Qxc3 Qxd4 10. Qxd4 Nxd4 11. Bb3 O-O-O 12. O-O Bc5 13. Be3 Nxb3 14. axb3 Bxe3
15. fxe3 a6 16. Rxf7 Rd7 17. Rxd7 Kxd7 18. Rd1+ Ke7 19. c4 Rf8 20. Rf1 Rxf1+ 21.
Kxf1 Kd6 22. Ke2 Ke5 23. g3 Ke4 24. b4 b6 25. b3 c6 26. h4 h5 27. b5 axb5 28. cxb5
cxb5 29. b4 g6 30. g4 hxg4  0-1

[Event "1. OEsterreichische Internet Schach Meisterschaft - Vorrunde 2"]
[Site "Online - Playchess.com"]
[Date ""]
[Round "5"]
[Board "88"]
[White "Riegler, Leonie"]
[Black "Hofer, Martin"]
[Result "1-0"]
[WhiteElo "1579"]
[BlackElo "1603"]
[PlyCount "47"]
[EventDate "2020.04.13"]
[EventRounds "9"]
[EventCountry "AUT"]

1. d4 d5 2. c4 c6 3. Nc3 Nf6 4. Nf3 e6 5. Bg5 Be7 6. e3 h6 7. Bf4 Nbd7 8. Bd3 Nh5
9. Ne2 Nxf4 10. Nxf4 Bd6 11. Nh5 O-O 12. O-O Nf6 13. Nxf6+ Qxf6 14. e4 dxe4 15. Bxe4
e5 16. d5 cxd5 17. Qxd5 Rd8 18. Qa5 a6 19. Rfd1 Bc7 20. Rxd8+ Bxd8 21. Qxe5 Qxe5
22. Nxe5 Bf6 23. Nd3 Bxb2 24. Nxb2  1-0

[Event "1. OEsterreichische Internet Schach Meisterschaft - Vorrunde 2"]
[Site "Online - Playchess.com"]
[Date ""]
[Round "5"]
[Board "91"]
[White "Gugler, Giorgio"]
[Black "Kwech, Gregor"]
[Result "1-0"]
[WhiteElo "1405"]
[BlackElo "1064"]
[PlyCount "105"]
[EventDate "2020.04.13"]
[EventRounds "9"]
[EventCountry "AUT"]

1. e4 c5 2. Bc4 d6 3. d3 Nc6 4. a3 Nf6 5. f4 g6 6. Nf3 Bg7 7. c3 O-O 8. O-O Bg4 9.
h3 Bxf3 10. Qxf3 e6 11. g4 d5 12. Ba2 dxe4 13. dxe4 h6 14. Nd2 Qc7 15. Nc4 b5 16.
e5 bxc4 17. exf6 Bxf6 18. Bxc4 Rad8 19. Be3 Be7 20. Rad1 Na5 21. Rxd8 Rxd8 22. Ba2
c4 23. g5 Bc5 24. gxh6 Rd3 25. Re1 Nc6 26. Bb1 Bxe3+ 27. Rxe3 Rxe3 28. Qxe3 Ne7 29.
h4 Nf5 30. Qf3 Nxh6 31. h5 Qc5+ 32. Kh1 Qxh5+ 33. Qxh5 gxh5 34. Be4 f5 35. Bb7 Kf7
36. Ba6 Kf6 37. Bxc4 e5 38. b4 exf4 39. a4 Kg5 40. b5 Ng4 41. a5 Ne5 42. Bf1 f3 43.
a6 h4 44. b6 Nc6 45. Bb5 f4 46. Bxc6 axb6 47. a7 Kg4 48. a8=Q Kg3 49. Bxf3 h3 50.
Kg1 h2+ 51. Kh1 Kf2 52. Qe4 Kf1 53. Qe2#  1-0

[Event "1. OEsterreichische Internet Schach Meisterschaft - Vorrunde 2"]
[Site "Online - Playchess.com"]
[Date ""]
[Round "5"]
[Board "92"]
[White "Missethan, Michael"]
[Black "Ploeckinger, Paul"]
[Result "1-0"]
[WhiteElo "2015"]
[BlackElo "1334"]
[PlyCount "143"]
[EventDate "2020.04.13"]
[EventRounds "9"]
[EventCountry "AUT"]

1. e4 c5 2. Nf3 Nc6 3. Bb5 Qc7 4. O-O e6 5. Bxc6 Qxc6 6. d3 Ne7 7. Nc3 d5 8. exd5
Nxd5 9. Nxd5 exd5 10. Re1+ Be7 11. Qe2 Be6 12. d4 cxd4 13. Nxd4 Qd6 14. Nxe6 fxe6
15. Qxe6 Qxe6 16. Rxe6 Kf7 17. Re2 Rac8 18. Be3 Bf6 19. c3 b6 20. Rd1 Rhd8 21. Red2
Ke6 22. Bd4 Bxd4 23. Rxd4 Rc5 24. f4 Rb5 25. R1d2 a5 26. Kf2 Kf5 27. h3 h5 28. Kf3
g6 29. g4+ hxg4+ 30. hxg4+ Kf6 31. Rh2 Rd6 32. Rdd2 a4 33. Rh8 Kg7 34. Ra8 Ra5 35.
Rxa5 bxa5 36. Rd4 Rb6 37. Rxa4 Rxb2 38. Rxa5 Rc2 39. Rxd5 Rxc3+ 40. Ke4 Rc2 41. a4
Rc4+ 42. Rd4 Rc1 43. Ke5 Re1+ 44. Re4 Ra1 45. Ke6 Ra3 46. f5 gxf5 47. gxf5 Rf3 48.
Rg4+ Kf8 49. Kf6 Rb3 50. Re4 Rb6+ 51. Re6 Rb4 52. a5 Ra4 53. a6 Ra5 54. Rb6 Ke8 55.
Rb8+ Kd7 56. Rb6 Kc7 57. Re6 Kd7 58. Re7+ Kd8 59. a7 Ra6+ 60. Kf7 Kc8 61. a8=Q+ Rxa8
62. Re8+ Kb7 63. Rxa8 Kxa8 64. Ke7 Kb7 65. f6 Kc7 66. f7 Kc8 67. f8=Q+ Kc7 68. Qf6
Kb7 69. Kd7 Ka7 70. Qb2 Ka6 71. Kc6 Ka7 72. Qb7#  1-0

[Event "1. OEsterreichische Internet Schach Meisterschaft - Vorrunde 2"]
[Site "Online - Playchess.com"]
[Date ""]
[Round "5"]
[Board "93"]
[White "Kaltenbeck, Dieter"]
[Black "Messner, Andreas"]
[Result "0-1"]
[WhiteElo "1314"]
[BlackElo "1856"]
[PlyCount "68"]
[EventDate "2020.04.13"]
[EventRounds "9"]
[EventCountry "AUT"]

1. a3 d5 2. Nf3 c5 3. e3 Nc6 4. c4 Bg4 5. h3 Bh5 6. Nc3 d4 7. Ne2 e5 8. g4 Bg6 9.
exd4 cxd4 10. Bg2 e4 11. Nh2 Bc5 12. O-O Nf6 13. Re1 O-O 14. b4 Bd6 15. b5 Ne5 16.
Bb2 Nxc4 17. Bxd4 Nxa3 18. Bxf6 Qxf6 19. Nc3 Rfc8 20. Nxe4 Bxe4 21. Bxe4 Bxh2+ 22.
Kxh2 Nxb5 23. Bxb7 Qd6+ 24. Kg1 Qd3 25. Bxc8 Rxc8 26. Re3 Qd4 27. Qe1 Nd6 28. Rb1
h5 29. Rb7 Nxb7 30. Re8+ Rxe8 31. Qxe8+ Kh7 32. gxh5 Qf6 33. Qe4+ Kh6 34. Qe3+ Qg5+
 0-1

[Event "1. OEsterreichische Internet Schach Meisterschaft - Vorrunde 2"]
[Site "Online - Playchess.com"]
[Date ""]
[Round "5"]
[Board "94"]
[White "Galler, Alexander"]
[Black "Bauer, Wolfgang"]
[Result "1-0"]
[WhiteElo "1772"]
[BlackElo "1526"]
[PlyCount "155"]
[EventDate "2020.04.13"]
[EventRounds "9"]
[EventCountry "AUT"]

1. e4 c5 2. Nc3 g6 3. f4 Bg7 4. Nf3 e6 5. Bc4 Ne7 6. O-O O-O 7. a3 b6 8. d3 Bb7 9.
Be3 d5 10. exd5 exd5 11. Ba2 d4 12. Bxd4 cxd4 13. Ne4 Bxe4 14. dxe4 Na6 15. e5 Nc7
16. Nxd4 Rc8 17. c3 Qe8 18. Qf3 Na6 19. Qb7 Nc5 20. Qxa7 Kh8 21. Qxb6 Ne4 22. Qb7
Nc5 23. Qa7 Nd7 24. e6 fxe6 25. Nxe6 Rf7 26. Nxg7 Rxg7 27. Rae1 Qd8 28. Be6 Rc7 29.
Qd4 Nc6 30. Qd6 Ncb8 31. Rd1 Re7 32. Qd4+ Rg7 33. f5 Qf6 34. Qxf6 Nxf6 35. Rd8+ Ng8
36. Rxb8 Rce7 37. Rd1 gxf5 38. Bxg8 Rxg8 39. Rxg8+ Kxg8 40. Kf2 Kh8 41. Rd2 Kg7 42.
g3 Kf6 43. b4 Ra7 44. Ra2 Rc7 45. Rc2 Ra7 46. c4 Rxa3 47. b5 Ra8 48. c5 Rb8 49. b6
Ke6 50. Rd2 Rc8 51. Rd6+ Ke7 52. Rd5 Ke6 53. Rd6+ Ke7 54. Rh6 Rxc5 55. Rxh7+ Kd6
56. b7 Rb5 57. Rf7 Kc6 58. b8=Q Rxb8 59. Rxf5 Kd6 60. Kg2 Ke6 61. Rf1 Rb2+ 62. Kh3
Rb5 63. g4 Rb3+ 64. Kh4 Rb8 65. h3 Rh8+ 66. Kg3 Rd8 67. g5 Rd4 68. h4 Rd3+ 69. Kg4
Rd4+ 70. Kh5 Rd8 71. g6 Rh8+ 72. Kg5 Rg8 73. h5 Ke7 74. h6 Ke6 75. h7 Rd8 76. Kh6
Ke5 77. Rf7 Re8 78. Kg7  1-0

[Event "1. OEsterreichische Internet Schach Meisterschaft - Vorrunde 2"]
[Site "Online - Playchess.com"]
[Date ""]
[Round "5"]
[Board "95"]
[White "Ussar, Reinhard"]
[Black "Kellner, Nikolaus"]
[Result "1-0"]
[WhiteElo "1676"]
[BlackElo "1685"]
[PlyCount "65"]
[EventDate "2020.04.13"]
[EventRounds "9"]
[EventCountry "AUT"]

1. e4 d5 2. exd5 Nf6 3. Nc3 Nxd5 4. d4 e6 5. Nf3 Nc6 6. Bb5 Bd7 7. O-O Be7 8. Nxd5
exd5 9. Re1 O-O 10. Bd3 Bg4 11. Rxe7 Qxe7 12. Bxh7+ Kh8 13. Be3 Qf6 14. Bd3 Bxf3
15. Qxf3 Qxf3 16. gxf3 Rae8 17. Kf1 f5 18. c3 Re6 19. Bf4 Rf7 20. c4 Nb4 21. cxd5
Nxd5 22. Bc4 c6 23. Be5 Kh7 24. Ke1 g5 25. Kd2 f4 26. Rg1 Kh6 27. Bd3 Nb4 28. Bb1
b5 29. a3 Nd5 30. h4 gxh4 31. Rg4 Kh5 32. Rg8 Rh6 33. Be4  1-0